Mapa świata bez 12 państw #3 - Statystyki

Ogólne statystyki
  • Ten quiz został rozwiązany 4 056 razy
  • Średni wynik to 9 z 12
Odpowiedzi na mapie
Odpowiedzi zakodowano w zielono-czerwonej skali na mapie do tego quizu, zgodnie z poniższymi procentami.
 
Statystyki odpowiedzi
Państwo % Poprawnych
Estonia
92%
Litwa
92%
Łotwa
92%
Urugwaj
88%
Oman
81%
Jemen
80%
Tunezja
79%
Irlandia
74%
Holandia
72%
Erytrea
70%
Filipiny
62%
Tajwan
61%
Nie znaleziono quizów pasujących do podanych kryteriów
Rozkład punktacji
Procent ludzi z każdym wynikiem
Percentyl według liczby udzielonych odpowiedzi
Twoja historia wyników
Nie rozwiązałeś tego quizu